| 000 | 00975 a2200229 4500 | ||
|---|---|---|---|
| 020 | _a013805326X | ||
| 020 | _a9780138053260 | ||
| 082 | _a537.6 | ||
| 090 |
_c1105 _d1105 |
||
| 100 | 1 | _aGriffiths, David J. | |
| 245 | 1 | 0 |
_aIntroduction to electrodynamics / _cDavid J. Griffiths. |
| 250 | _a3rd ed. | ||
| 260 |
_a[S.l.] : _bBenjamin Cummings, _c1999. |
||
| 300 |
_a576 p. ; _c24 cm. |
||
| 490 | 1 | _a3rd edition. | |
| 700 | _aGriffiths, David J. | ||
| 830 | 0 | _a3rd edition. | |
| 942 |
_aSNS _cBK _k537.6 GRI |
||
| 999 |
_c29721 _d29721 |
||